000 01285nam a2200181 4500
999 _c63839
_d63839
003 Ge_BSU
005 20260202205012.0
008 260202s2008 ge ||||| |||| 00| 0 geo d
020 _a9789941007248
041 _ageo
080 _a342.4(100) ს-17
245 _aსაზღვარგარეთის ქვეყნების კონსტიტუციები /
_cშემდგ. ჯგუფის ხელმძღვ. და პმგ რედ. ვასილ გონაშვილი; კავშირი "იურისტები სამართლებრივი სახელმწიფოსთვის".
_b[ავსტრალია, ავსტრია, აზერბაიჯანი, ბელარუსი, ლიტვა, ლუქსემბურგი, ისრაელი, საბერძნეთი, საფრანგეთი, პოლონეთი, ჩინეთი, ფინეთი] /
250 _a(მე-2 გადამუშავებული გამოცემა).
264 _aთბილისი,
_c 2008.
300 _a800 გვ.;
_b21 სმ.
700 _a გონაშვილი, ვასილ
_eშემდგენელი
_926784
942 _2udc
_cᲬᲘᲒᲜᲘ